Dědictví z Hamburku /

Hlavní autor: Voldán, Jan
Další autoři: Bašta, Josef
Jazyk: Čeština
Vydáno: Praha : Naše vojsko, 1986
Edice: Magnet (Naše vojsko)
Témata:
Externí odkaz: Digitalizovaný dokument
Fyzický popis: 127 s. : il. ; 21 cm
Knihy
Uloženo v:
LEADER 01118nam a2200349 a 4500
001 001316860
003 CZ BrMZK
005 20130821092932.0
007 ta
008 130809s1986 xr a g 000 f cze
015 |a cnb000312760 
020 |q (Brož.) 
035 |a (OCoLC)724292109 
040 |a BOA001  |b cze 
080 |a 821.162.3-31  |2 MRF 
080 |a (0:82-312.4)  |2 MRF 
100 1 |a Voldán, Jan  |7 xx0066439  |4 aut 
245 1 0 |a Dědictví z Hamburku /  |c Jan Voldán, Josef Bašta 
260 |a Praha :  |b Naše vojsko,  |c 1986 
300 |a 127 s. :  |b il. ;  |c 21 cm 
490 1 |a Magnet ;  |v 1/1986 
655 7 |a české romány  |7 fd133974  |2 czenas 
655 7 |a detektivní romány  |7 fd132010  |2 czenas 
700 1 |a Bašta, Josef  |4 aut 
830 0 |a Magnet (Naše vojsko)  |0 s 
856 4 1 |u http://www.digitalniknihovna.cz/mzk/uuid/uuid:edc2aff0-c61c-11e3-b110-005056827e51  |y Digitalizovaný dokument  |x NDK 
910 |a BOA001  |b 2-1309.501 
990 |a BK 
995 |a 60 
991 |g g 
991 |b 201308  |e b 
996 6 |b 2610559169  |c 2-1309.501  |l MZK  |r Sklad / do 1 hodiny  |n 0  |p dar  |w 001352027  |u 000010  |a 1  |e BOA001  |j MZK50  |s P